| 000 | 00561nam a2200193Ia 4500 | ||
|---|---|---|---|
| 005 | 20250326144958.0 | ||
| 008 | 250326s9999 xx 000 0 und d | ||
| 020 | _a0-03-910684-5 | ||
| 037 | _aTextbook | ||
| 040 |
_aFMSL _beng _cFMSL |
||
| 041 |
_aeng _2eng |
||
| 084 |
_aX8(J3):8 M6 _qFMSL |
||
| 100 |
_aMerricks Paul _9750421 |
||
| 245 | 0 |
_aManagement of catering operations _cMerricks Paul; Jones P And Others |
|
| 260 |
_aNY Holt _bNY Holt, Rinehart _c1986 |
||
| 300 | _axii,171 | ||
| 942 |
_cTB _hX8(J3):8 M6 |
||
| 999 |
_c1305895 _d1305895 |
||